| 000 | nam a22 7a 4500 | ||
|---|---|---|---|
| 999 |
_c16035 _d16035 |
||
| 008 | 161107b xxu||||| |||| 00| 0 eng d | ||
| 020 | _a0892362871 | ||
| 020 | _a9780892362875 | ||
| 050 | _aND 623 .M3A62 1997 | ||
| 100 | _aCarr, Dawson W. | ||
| 245 |
_aAndrea Mantegna : _bthe Adoration of the Magi/ _cDawson W. Carr |
||
| 260 |
_aLos Angeles, Calif. : _bJ. Paul Getty Museum, _c©1997. |
||
| 300 |
_a100p. : _bill. ; |
||
| 500 | _aIncludes bibliography and index. | ||
| 650 |
_aMantegna, Andrea, _x1431-1506. _yAdoration of the Magi. |
||
| 650 |
_a Magi _xArt. |
||
| 650 |
_aMantegna, Andrea, _x1431-1506 _yCriticism and interpretation. |
||
| 942 |
_2lcc _cBOOKS _hND 623 .M3A62 1997 |
||